Online
Catalog

Santiagueses ilustres de la colonia / (Record no. 17256)

MARC details
000 -CABECERA
campo de control de longitud fija 01133nam a2200301 i 4500
001 - NÚMERO DE CONTROL
campo de control 000017731
003 - IDENTIFICADOR DEL NÚMERO DE CONTROL
campo de control DO-SdBNP
005 - FECHA Y HORA DE LA ÚLTIMA TRANSACCIÓN
campo de control 20260526094021.0
007 - CAMPO FIJO DE DESCRIPCIÓN FÍSICA--INFORMACIÓN GENERAL
campo de control de longitud fija ta
008 - DATOS DE LONGITUD FIJA--INFORMACIÓN GENERAL
campo de control de longitud fija 100331s1959 dr 001 0cspa d
040 ## - FUENTE DE LA CATALOGACIÓN
Centro catalogador/agencia de origen DO-SdBNP
Lengua de catalogación spa
Centro/agencia transcriptor BNPHU
Normas de descripción rda
041 ## - CÓDIGO DE LENGUA
Código de lengua del texto/banda sonora o título independiente spa
082 #4 - NÚMERO DE LA CLASIFICACIÓN DECIMAL DEWEY
Número de clasificación 920.729356
Número de documento/Ítem M149s
Número de edición 22
100 1# - ENTRADA PRINCIPAL--NOMBRE DE PERSONA
Nombre de persona Machado Báez, Manuel A.,
Término indicativo de función/relación autor
Código de función/relación aut.
9 (RLIN) 38585
245 10 - MENCIÓN DE TÍTULO
Título Santiagueses ilustres de la colonia /
Mención de responsabilidad, etc. Manuel A. Machado Báez.
246 ## - FORMA VARIANTE DE TÍTULO
Título propio/Titulo breve Visión panorámica de las letras coloniales en Santiago 1518-1822
264 #1 - PRODUCCIÓN, PUBLICACIÓN, DISTRIBUCIÓN, FABRICACIÓN Y COPYRIGHT
Producción, publicación, distribución, fabricación y copyright Ciudad Trujillo, República Dominicana :
Nombre del de productor, editor, distribuidor, fabricante Impresora Dominicana,
Fecha de producción, publicación, distribución, fabricación o copyright 1959.
300 ## - DESCRIPCIÓN FÍSICA
Extensión 192 páginas ;
Dimensiones 22 cm.
336 ## - TIPO DE CONTENIDO
Término de tipo de contenido texto
Código de tipo de contenido txt
Fuente rdacontent
337 ## - TIPO DE MEDIO
Nombre/término del tipo de medio sin mediación
Código del tipo de medio n
Fuente rdamedia
338 ## - TIPO DE SOPORTE
Nombre/término del tipo de soporte volumen
Código del tipo de soporte nc
Fuente rdacarrier
590 ## - NOTA LOCAL (RLIN)
Nota local Inventariado, 2024/DG
650 #4 - PUNTO DE ACCESO ADICIONAL DE MATERIA--TÉRMINO DE MATERIA
Término de materia o nombre geográfico como elemento de entrada Genealogía
Subdivisión geográfica Santiago de los Caballeros (República Dominicana)
9 (RLIN) 38586
650 #4 - PUNTO DE ACCESO ADICIONAL DE MATERIA--TÉRMINO DE MATERIA
Término de materia o nombre geográfico como elemento de entrada Ciudades y pueblos
Subdivisión geográfica República Dominicana
Subdivisión general Historia
9 (RLIN) 12424
651 #4 - PUNTO DE ACCESO ADICIONAL DE MATERIA--NOMBRE GEOGRÁFICO
Nombre geográfico Santiago de los Caballeros (Republica Dominicana)
Subdivisión general Historia local
9 (RLIN) 8269
910 ## - DATOS DE OPCIÓN DEL USUARIO (OCLC)
Datos de opción del usuario Validado. Control de calidad EMS
942 ## - ELEMENTOS DE PUNTO DE ACCESO ADICIONAL (KOHA)
Fuente del sistema de clasificación o colocación Dewey Decimal Classification
Tipo de ítem Koha Libro
Holdings
Estado de retiro Estado de pérdida Fuente del sistema de clasificación o colocación Restricciones de uso No para préstamo Código de colección Localización permanente Ubicación/localización actual Ubicación en estantería Fecha de adquisición Total de préstamos Signatura topográfica completa Código de barras Fecha visto por última vez Precio válido a partir de Tipo de ítem Koha Nota pública Fuente de adquisición Número de copia
    Dewey Decimal Classification Excluido de préstamo   Patrimonio Dominicano Raros y Valiosos Biblioteca Nacional Pedro Henríquez Ureña Biblioteca Nacional Pedro Henríquez Ureña Depósito 31.03.2010   BNPHU PD-RV 920.729356 M149s 17731-10 25.06.2020 25.06.2020 No se presta Autografiado por el autor, dedicado a Lic. José Ernesto García Aybar.    
    Dewey Decimal Classification Excluido de préstamo   Patrimonio Dominicano Raros y Valiosos Biblioteca Nacional Pedro Henríquez Ureña Biblioteca Nacional Pedro Henríquez Ureña Depósito 04.08.2011   BNPHU PD-RV 920.729356 M149s 17731-20 25.06.2020 25.06.2020 Libro Pertenecio a la biblioteca personal de Juan Isidro Jimenes Grullón. Donación e. 2
    Dewey Decimal Classification Préstamo en sala   Dominicana Referencia Raros y Valiosos Biblioteca Nacional Pedro Henríquez Ureña Biblioteca Nacional Pedro Henríquez Ureña Depósito 31.07.2013   BNPHU DS-RV 920.729356 M149s 17731-60 25.06.2020 25.06.2020 Libro     e. 3
    Dewey Decimal Classification Préstamo en sala   Dominicana Referencia Raros y Valiosos Biblioteca Nacional Pedro Henríquez Ureña Biblioteca Nacional Pedro Henríquez Ureña Extraviado 07.04.2015   BNPHU DS-RV 920.729356 M149s 17731-70 25.06.2020 25.06.2020 Libro     e. 4
    Dewey Decimal Classification Préstamo en sala   Dominicana Referencia Raros y Valiosos Biblioteca Nacional Pedro Henríquez Ureña Biblioteca Nacional Pedro Henríquez Ureña Depósito 29.10.2024   BNPHU DS 920.729356 M149s 2024-6239 29.10.2024 29.10.2024 Libro Pertenecio a la biblioteca personal de Emilio Cordero Michel. Donado por la Presidencia de la República Dominicana 2023. e.5

Powered by Koha